000 01194nam a2200277 i 4500
001 000048995
003 DO-SdBNP
005 20230807114603.0
007 ta
008 190712s2005 dr r 000 0 spa d
040 _aDO-SdBNP
_bspa
_cBNPHU
_erda
082 _a341.48
_bR426d
_222
110 _aRepública Dominicana.
_bSecretaría de Estado de Interior y Policia
_954546
245 0 3 _aEl sistema interamericano de promoción y protección de los derechos humanos.Estatuto de la Comisión Interamericana de derechos humanos. Reglamento de la Comisión Interamericana de Derechos Humanos. Estatuto de la corte Interamericana de derechos humanos. Reglamento de la corte Interamericana de derechos humanos /
264 _aSanto Domingo :
_bPlan de Seguridad Democrática,
_c2005.
300 _a207 paginas ;
_c13 cm.
336 _2rdacontent
_atexto
_btxt
337 _2rdamedia
_asin mediación
_bn
338 _2rdacarrier
_avolumen
_bnc
490 1 _aDerechos ciudadanos
_v13
590 _aInventariado, 2019/BT
650 4 _aDerechos humanos (Derecho internacional)
_xInstrumentos internacionales
_983893
830 0 _aDerechos ciudadanos
_n13
_976423
910 _aBT
942 _2ddc
_cLBS1
999 _c48483
_d48483